I diritti dei popoli indigeni in America Latina

Gardado en:
Detalles Bibliográficos
Autor Principal: Lanni, Sabrina (Author)
Formato: Libro
Idioma:Lingua italiana
Publicado: Nápoles Edizioni Scientifiche Italiane 2011
Series:Roma e America. Sistema Giuridico Latinoamericano. Studi, 1
Subjects:
Tags: Engadir etiqueta
Sen Etiquetas, Sexa o primeiro en etiquetar este rexistro!

MARC

LEADER 00000cam a2200000 a 4500
001 UCF0574
003 CL-VaPUC
008 120531e20110000IT |||||||||||||||||ita|d
020 |a 9788849521900 
082 0 4 |a 349.8  |b LAN  |2 21 
100 0 |a Lanni, Sabrina  |e author  |9 562323 
245 1 2 |a I diritti dei popoli indigeni in America Latina 
300 |a 465 p 
942 |c BK 
945 |d 20120531 00:00:00  |a dcastane 
260 |a Nápoles  |b Edizioni Scientifiche Italiane  |c 2011 
650 0 |a Derecho Indiano  |9 256266 
651 0 |a América Latina   |9 255027 
583 |a last modification  |c 20161003 08:04:33  |k Rodrigo Vera 
490 0 |a Roma e America. Sistema Giuridico Latinoamericano. Studi, 1 
999 |c 347811  |d 347809 
952 |0 0  |1 0  |4 0  |6 349_800000000000000_LAN_2011  |7 0  |8 A  |9 449490  |a BIBDER  |b BIBDER  |d 2019-11-22  |i 4812808  |o 349.8 LAN 2011  |p 4812808  |r 2019-11-22  |w 2019-11-22  |y BK  |k DER